La mosca en la ceniza

Nancy y Pato, dos amigas del Noroeste argentino, en busca de un futuro mejor son engañadas y llevadas a la Capital para trabajar en un prostíbulo. Allí, cautivas y esclavizadas, mientras Nancy se adaptará para sobrevivir, Pato intentará huir. Pato sin Nancy se moriría. Solo la amistad que las une pu...

Descripción completa

Guardado en:
Autor Principal: David, Gabriela.
Autor Corporativo: Instituto Nacional de Cine y Artes Audiovisuales.
Otros Autores: Cáccamo, Reparto., Contreras, Paloma; Reparto., Machín, Luis; Reparto., Cáceres, Luciano; Reparto., Rossetto, Cecilia; Reparto.
Formato: Deslizar
Idioma:Undetermined
Publicado: Argentina : Ministerio de Educación de la Nación, 2010.
Series:Archivo fílmico pedagógico. Jóvenes y escuelas
Materias:
Etiquetas: Agregar Etiqueta
Sin Etiquetas, Sea el primero en etiquetar este registro!
LEADER 01514ngm a22003015a 4500
001 CEM.cems020760
008 231213s2010####xx#---############vlund#d
005 20231213204355.0
245 1 0 |a La mosca en la ceniza  |h [videograbación] /  |c Gabriela David. 
260 |a Argentina :  |b Ministerio de Educación de la Nación,  |c 2010. 
300 |a 99'. 
490 1 |a Archivo fílmico pedagógico. Jóvenes y escuelas 
520 |a Nancy y Pato, dos amigas del Noroeste argentino, en busca de un futuro mejor son engañadas y llevadas a la Capital para trabajar en un prostíbulo. Allí, cautivas y esclavizadas, mientras Nancy se adaptará para sobrevivir, Pato intentará huir. Pato sin Nancy se moriría. Solo la amistad que las une puede salvarlas, aunque ellas no lo sepan. 
538 |a 1. Soporte: DVD - Formato: DVD – Peso: 6.90gb - Resolución: 720 x 480 - 29.97fps - NTSC -- 2.Soporte: DVD - Formato: AVI – Peso: 694mb - Resolución: 640 x 272 - 23.98 fps 
590 |a Identificación anterior: 334 
100 1 |a David, Gabriela. 
700 1 |a Cáccamo, Reparto. 
700 1 |a Contreras, Paloma; Reparto. 
700 1 |a Machín, Luis; Reparto. 
700 1 |a Cáceres, Luciano; Reparto. 
700 1 |a Rossetto, Cecilia; Reparto. 
710 2 |a Instituto Nacional de Cine y Artes Audiovisuales. 
653 |a LARGOMETRAJE 
653 |a FICCIÓN 
653 |a TRATA DE MUJERES 
653 |a PROSTITUCIÓN 
653 |a AMISTAD 
859 |a CEMS  |b BIB. CEMS - Depto. Recursos Didacticos  |h 778.5  |i DAV  |k DRD  |p 3273.23  |t Ej.2